|
|
|
|
| LEADER |
00000nam a2200000 i 4500 |
| 001 |
1/100502 |
| 008 |
950418s1991 gre d |
| 035 |
|
|
|a 1991
|b 2
|c Δωρεά
|l 10011723
|
| 040 |
|
|
|a GR-MY-UA
|b gre
|e aacr
|
| 041 |
0 |
|
|a gre
|
| 082 |
0 |
|
|a 378.495
|
| 100 |
1 |
|
|a Καλιοντζής, Ιωάννης Ν.
|
| 245 |
1 |
0 |
|a Κωνσταντίνος Καραθεοδωρής και Αιγαίο Πανεπιστήμιο /
|c Ιωάννης Καλιοντζής
|
| 260 |
|
|
|a Αθήνα :
|b [χ.ό.],
|c 1991
|
| 300 |
|
|
|a 47 σ.
|
| 600 |
1 |
0 |
|a Καραθεοδωρής, Κωνσταντίνος Στ.,
|d 1873-1950.
|
| 650 |
0 |
0 |
|a Universities and colleges
|z Greece
|x History
|y 1920-1922.
|
| 852 |
|
|
|a INST
|b CHIOS
|e 20020708
|h 378.499 ΚΑΛ
|p 005200017245
|q 005200017245
|t BK
|y 0
|
| 852 |
|
|
|a INST
|b CHIOS
|e 20020708
|h 378.499 ΚΑΛ
|p 005200017246
|q 005200017246
|t BK
|y 0
|
| 852 |
|
|
|a INST
|b CHIOS
|e 20000907
|h 378.499 ΚΑΛ
|p 005200017806
|q 005200017806
|t BK
|y 0
|
| 852 |
|
|
|a INST
|b LESVOS
|e 19950418
|h 378.495 ΚΑΛ
|p 005100001483
|q 005100001483
|t BK
|y 0
|
| 852 |
|
|
|a INST
|b RHODES
|e 19970214
|h 378.499 ΚΑΛ
|p 005400010198
|q 005400010198
|t BK
|y 0
|
| 852 |
|
|
|a INST
|b RHODES
|e 19970214
|h 378.499 ΚΑΛ
|p 005400010199
|q 005400010199
|t BK
|y 0
|
| 852 |
|
|
|a INST
|b RHODES
|e 19970214
|h 378.499 ΚΑΛ
|p 005400010200
|q 005400010200
|t BK
|y 0
|
| 852 |
|
|
|a INST
|b RHODES
|e 19970214
|h 378.499 ΚΑΛ
|p 005400010201
|q 005400010201
|t BK
|y 0
|
| 852 |
|
|
|a INST
|b RHODES
|e 19970214
|h 378.499 ΚΑΛ
|p 005400010214
|q 005400010214
|t BK
|y 0
|
| 901 |
|
|
|a BIBL2-2000-2
|
| 909 |
|
|
|a Ρ
|b 017573
|c 1991
|
| 909 |
|
|
|a Λ
|b 020020
|
| 909 |
|
|
|a Χ
|b 019568
|
| 909 |
|
|
|a Χ
|b 021093
|
| 909 |
|
|
|a Χ
|b 020171
|
| 909 |
|
|
|a Ρ
|b 017574
|c 1991
|
| 909 |
|
|
|a Ρ
|b 017575
|c 1991
|
| 909 |
|
|
|a Ρ
|b 017576
|c 1991
|
| 909 |
|
|
|a Ρ
|b 017577
|c 1991
|
| 922 |
|
|
|a 1ΔΩΡ
|b 199106
|
| 922 |
|
|
|b 199106
|
| 970 |
|
|
|a 2000/09/LITSA
|